Berühmte Phobien - Statistiken

Allgemein
  • Dieses Quiz wurde 154 mal gespielt
  • Das Durchschnittsergebnis liegt bei 5 aus 20
Antwortstatistiken
Phobie Angst vor... % Korrekt
Arachnophobie Spinnen
95%
Haematophobie Blut
59%
Karzinophobie Krebs
58%
Photophobie Licht
53%
Logophobie Sprechen
50%
Akrophobie Höhe
40%
Koitophobie Geschlechtsverkehr
39%
Thanatophobie Tod
27%
Kynophobie Hunden
20%
Erythrophobie Erröten
19%
Emetophobie Erbrechen
15%
Gymnophobie Nacktheit
13%
Apiphobie Bienen
11%
Aelurophobie Katzen
9%
Mysophobie Unsauberkeit
8%
Trypanophobie Spritzen
7%
Amaxophobie Auto fahren
6%
Halitophobie Mundgeruch
6%
Anthophobie Blumen
3%
Kairophobie Entscheidungen
3%
Keine übereinstimmenden Quizze gefunden
Verteilung der Resultate
Anzahl Personen mit jedem Resultat
Perzentil nach korrekt beantworteten Fragen
Ihre Resultats-Entwicklung
Sie haben dieses Quiz noch nicht gespielt